Записка без подписи "Взгляд на общее государственное управление" (о необходимости упрощения государственного аппарата)

RUSMARC
00004674cbc2a2200253 x 450
0017f67100b-2a49-417d-8b8f-29a6c42da9bb
00520160929105028.0
100##$a20160331l18601860k y0rusy50 ca
1010#$arus
102##$aRU
105##$ay z |||||
1220#$ad18600805##
2001#$aЗаписка без подписи "Взгляд на общее государственное управление" (о необходимости упрощения государственного аппарата)
$e5/17 августа 1860 года
$j1860
215##$a5 листов
251##$cДело
300##$aРукописный текст. Чернила
300##$aНа папке дела: 5/17 авг. 1860 г.
330##$aВходит в раздел описи: Документальные материалы, отложившиеся в результате служебной деятельности Муравьева М. Н.
461#0$1001c2c6c6a4-a01e-4d13-acb7-e6a0c9078d03
$12001
$aМУРАВЬЕВ МИХАИЛ НИКОЛАЕВИЧ, ГРАФ, ГЕНЕРАЛ ОТ ИНФАНТЕРИИ, ДИРЕКТОР ДЕПАРТАМЕНТА РАЗНЫХ ПОДАТЕЙ И СБОРОВ, ЧЛЕН ГОСУДАРСТВЕННОГО СОВЕТА, МИНИСТР ГОСУДАРСТВЕННЫХ ИМУЩЕСТВ (1857-1862 гг.), ВОЕННЫЙ ГЕНЕРАЛ-ГУБЕРНАТОР ВИЛЕНСКОЙ ГУБЕРНИИ (1863 г.)
$1251
$cФонд
$1852
$j811
462#0$100164fda34d-2ca7-44fe-ab14-22f23de5401d
$12001
$aОпись дел фонда М. Н. Муравьева за 1825-1897 гг.
$vД. 32
$1251
$cОпись
$1852
$j1
801#0$aRU
$bGA_RF
801#1$aRU
$bНПО Опыт
$c20160331
$2rusmarc
801#2$aRU
$bПБ им. Б.Н. Ельцина
$c20160608
$gRCR
$2rusmarc
852##$aГА РФ
$j32
937##$d76498225
$hПБ
035##$aRuPRLIB51037639
607##$2nlr_sh
$3RU\NLR\AUTH\661302382
$aРоссия
$jДокументы и материалы
$xПолитика и управление
$z19 в.
605##$2acquisition_Prlib
$3DITM\AF\0000002775
$aВласть
$lколлекция
605##$aМ. Н. Муравьев
$lколлекция
$2acquisition_Prlib
$3LIBNET\UAF\0000064007
686##$2rubbk
$a63.3(2)52ю1
$vLBC/M
8564#$uhttp://www.prlib.ru/Lib/pages/item.aspx?itemid=141054
Формат отображения